000
00320nam a22001337a 4500
008
170323b xxu||||| |||| 00| 0 eng d
020
_a
9780781726153
041
_a
eng
080
_2
4th
_a
616.9
100
_a
8
101
_a
shm
245
_a
INFECTOUS DISEASES OF THE FEMALE FENITAL TRACT
_c
SWEET, R.L
942
_2
udc
_c
BK
999
_c
8460
_d
8460